Percy Jackson - Demigods - Statistics

General Stats
  • This quiz has been taken 101 times
  • The average score is 10 of 11
Answer Stats
Hint Demigod % Correct
Main character Percy Jackson
100%
Athena's daughter Annabeth Chase
96%
First crush of the above Luke Castellan
95%
Camp bully; victim of toilet explosion Clarisse La Rue
93%
Children of Hades Nico di Angelo
91%
Pine tree Thalia Grace
89%
Children of Hades Bianca di Angelo
88%
Children of Hermes; twins Connor Stoll
85%
Children of Hermes; twins Travis Stoll
85%
Died in a battle on a ship Charles Beckendorf
83%
Best friend of the above Silena Beauregard
73%
No matching quizzes found
Score Distribution
Percent of People with Each Score
Percentile by Number Answered
Your Score History
You have not taken this quiz